000 00501cam a2200145 4500500
005 20251228074212.0
041 _afre
042 _adc
100 1 0 _aLabouret, Mireille
_eauthor
245 0 0 _a« Illusions perdues », images retrouvées du « Paradis perdu » ?
260 _c2004.
500 _a1
786 0 _nL'Année balzacienne | 5 | 1 | 2004-03-01 | p. 229-246 | 0084-6473
856 4 1 _uhttps://shs.cairn.info/revue-l-annee-balzacienne-2004-1-page-229?lang=fr&redirect-ssocas=7080
999 _c1597117
_d1597117